Statistiken für Deutschland: Geografie mit J

Klicken Sie hier um das Quiz zu spielen!

Allgemein

  • Dieses Quiz wurde 212 mal gespielt
  • Das Durchschnittsergebnis liegt bei 6 aus 12

Antwortstatistiken

HinweisAntwort% Korrekt
Stadt in Thüringen mit dem KFZ-Kennzeichen "J"Jena
98%
Kreisstadt des Landkreises Friesland in Niedersachsen, nach der eine bekannte Biermarke benannt wurdeJever
90%
Meeresbucht zwischen der Unterweser und Ostfriesland, an der Wilhelmshaven liegt{Jade}busen
73%
Obwohl häufig angenommen wird, dass diese Halbinsel ausschließlich dänisch ist, gehören geografisch gesehen auch Teile Schleswig-Holsteins dazuJütland
61%
Ortsteil im Berliner Bezirk Treptow-Köpenick, in dem sich einer der ältesten Flugplätze Deutschlands befand{Johannis}thal
43%
Landkreis in Sachsen-Anhalt, der nach einer Stadt benannt wurde, die wie eine aus der Bibel bekannte Stadt klingt{Jerichow}er Land
41%
Name der Würzburger Universität, die nach einem Fürstbischof und einem bayerischen König benannt wurde{Julius}-Maximilians-Universität
37%
Stadt im Westen Nordrhein-Westfalens, die gemeinsam mit Kleve lange Zeit eine preußische Exklave bildeteJülich
36%
1963 eröffnete Veranstaltungshalle in Frankfurt am Main, die einem Iglu ähnelt{Jahrhundert}halle
30%
Nebenfluss des Neckars, der in Baden-Württemberg durch Ellwangen und Crailsheim fließtJagst
26%
Kleinstadt im brandenburgischen Landkreis Teltow-Fläming, in deren Nähe sich ein ehemaliger Truppenübungsplatz befindetJüterbog
18%
Halbinsel im Nordosten der Insel Rügen, auf der sich Deutschlands kleinster Nationalpark befindetJasmund
15%

Verteilung der Resultate

Perzentil nach korrekt beantworteten Fragen

Anzahl Personen mit jedem Resultat

Ihre Resultats-Entwicklung

Sie haben dieses Quiz noch nicht gespielt